| 000 | 00496nam a22001697a 4500 | ||
|---|---|---|---|
| 999 |
_c524486 _d524486 |
||
| 003 | NUST | ||
| 038 | _awaseem | ||
| 082 |
_a891.4308 _bFAI |
||
| 100 |
_aSajida Iqbal Syed _99261 |
||
| 245 |
_aMah-e-Noo Bayaede Fiaz / _cSajida Iqbal Syed |
||
| 260 |
_aLahore : _bDirectorate General Of Films and Publications, _c2008. |
||
| 300 | _a376 p. ; | ||
| 500 | _aHardcover. | ||
| 880 |
_6100-01\r _aساجدہ اقبال سید |
||
| 880 |
_6245-02\r _aماہ نو بیادِ فیض / |
||
| 942 |
_2ddc _cBK |
||